Relatives Quiz Stats

 Plays Quiz not verified by Sporcle

Challenge
Share
Tweet
Embed
Score 0/21 Timer 02:00
0 Plays Today
Gender Title % Correct
FemaleMother
98.9%
MaleFather
98.9%
FemaleGrandmother
95.6%
MaleGrandfather
94.5%
FemaleAunt
92.3%
MaleUncle
92.3%
FemaleSister
91.2%
MaleBrother
89%
FemaleDaughter
82.4%
MaleSon
82.4%
Female/MaleCousin
79.1%
Gender Title % Correct
FemaleNiece
76.5%
MaleNephew
70.6%
FemaleGreat Grandmother
63.7%
MaleGreat Grandfather
62.6%
FemaleGranddaughter
53.8%
MaleGrandson
53.8%
FemaleStepmother
25.3%
MaleStepfather
23.1%
FemaleGreat Granddaughter
22%
MaleGreat Grandson
22%

You're not logged in!

Compare scores with friends on all Sporcle quizzes.
Join for Free
OR
Log In

You Might Also Like...

Show Comments

Extras

Top Quizzes Today


Score Distribution

Your Account Isn't Verified!

In order to create a playlist on Sporcle, you need to verify the email address you used during registration. Go to your Sporcle Settings to finish the process.

Report this User

Report this user for behavior that violates our Community Guidelines.

Details: